004020000a2200097000450024501020000030000580010277300290016094200080018995200900019799900170028710aThe Costa Rican connection : Jaime Cabezas brings a unique perspective to LAM's board of trustees aVol. 74, Num. 3 (Julio-Septiembre, 1994), Página 210 tLatin America Evangelist cANA 001040708HEMaFUSBCbFUSBCd2016-01-26l0o r2016-01-26 00:00:00w2016-01-26yANA c54862d54862